| 000 | 00593cam8a220021700 4500 | ||
|---|---|---|---|
| 001 | zam00002919 | ||
| 008 | 951128s1977 xx eng u | ||
| 035 | _a(Sirsi) r20256 | ||
| 035 | _a(MACHINE)SLC. | ||
| 100 |
_aOcran, A. K. _6A81536.1 |
||
| 245 | 1 | 0 | _aPolitics of the sword. |
| 260 | _c1977. | ||
| 949 |
_aDT512 _wlcc _c 1 _mMAIN _p2500 _tSHORTLOAN _lSHORTLOAN |
||
| 004 | 20256 | ||
| 591 | _aClass code: H 230. | ||
| 591 | _aCourse: History of modern Africa. | ||
| 591 | _aSchool: S05. | ||
| 591 | _aLecturer: Dr. MULENGA, M.N. | ||
| 591 | _aNumber of Students: 24. | ||
| 909 | _aBook | ||
| 999 |
_c8436 _d8436 |
||